[Event "d12"]
[Site "?"]
[Date "2020.08.28"]
[Round "1.1"]
[White "Szczotka, Klara"]
[Black "Popczynska, Maja"]
[Result "1-0"]
[BlackElo "1122"]
[WhiteElo "1553"]
[LiveChessVersion "1.4.8"]

1. e4 {[%clk 0:15:19]} e6 {[%clk 0:15:17]} 2. d4 {[%clk 0:15:28]} d5
{[%clk 0:15:24]} 3. Nd2 {[%clk 0:14:53]} dxe4 {[%clk 0:15:25]} 4. Nxe4
{[%clk 0:15:01]} Nd7 {[%clk 0:15:27]} 5. c3 {[%clk 0:15:07]} Ngf6
{[%clk 0:15:33]} 6. Nxf6+ {[%clk 0:15:12]} Nxf6 {[%clk 0:15:41]} 7. Nf3
{[%clk 0:15:20]} Be7 {[%clk 0:15:34]} 8. Bd3 {[%clk 0:15:15]} O-O
{[%clk 0:15:27]} 9. O-O {[%clk 0:15:20]} b6 {[%clk 0:15:24]} 10. Qc2
{[%clk 0:14:39]} Bb7 {[%clk 0:15:27]} 11. Ne5 {[%clk 0:13:45]} h6
{[%clk 0:14:26]} 12. Bd2 {[%clk 0:11:50]} Rc8 {[%clk 0:12:38]} 13. Be3
{[%clk 0:08:28]} c5 {[%clk 0:11:31]} 14. Qe2 {[%clk 0:06:59]} cxd4
{[%clk 0:10:58]} 15. Bxd4 {[%clk 0:06:50]} Bc5 {[%clk 0:10:25]} 16. Bxc5
{[%clk 0:05:50]} Rxc5 {[%clk 0:09:58]} 17. Rad1 {[%clk 0:05:35]} Qc7
{[%clk 0:09:19]} 18. Rfe1 {[%clk 0:05:39]} Rd5 {[%clk 0:08:22]} 19. c4
{[%clk 0:05:26]} Rdd8 {[%clk 0:08:03]} 20. b3 {[%clk 0:04:36]} Rfe8
{[%clk 0:06:51]} 21. h3 {[%clk 0:02:15]} a6 {[%clk 0:05:40]} 22. Ng4
{[%clk 0:01:14]} Nxg4 {[%clk 0:02:23]} 23. Qxg4 {[%clk 0:01:23]} Qe7
{[%clk 0:02:23]} 24. Re3 {[%clk 0:01:13]} Qg5 {[%clk 0:01:59]} 25. Qxg5
{[%clk 0:01:12]} hxg5 {[%clk 0:02:07]} 26. f3 {[%clk 0:01:07]} f6
{[%clk 0:01:54]} 27. Kf2 {[%clk 0:01:08]} Kf7 {[%clk 0:01:56]} 28. Ke2
{[%clk 0:00:29]} Ke7 {[%clk 0:01:22]} 29. Kd2 {[%clk 0:00:24]} Rd4
{[%clk 0:00:59]} 30. Kc3 {[%clk 0:00:27]} Red8 {[%clk 0:01:04]} 31. Rde1
{[%clk 0:00:26]} e5 {[%clk 0:01:10]} 32. R1e2 {[%clk 0:00:22]} Ke6
{[%clk 0:01:00]} 33. Bc2 {[%clk 0:00:18]} Kf7 {[%clk 0:00:48]} 34. Be4
{[%clk 0:00:14]} Bxe4 {[%clk 0:00:49]} 35. fxe4 {[%clk 0:00:20]} a5
{[%clk 0:00:48]} 36. a3 {[%clk 0:00:25]} Rc8 {[%clk 0:00:30]} 37. Rd3
{[%clk 0:00:28]} Rcd8 {[%clk 0:00:38]} 38. Red2 {[%clk 0:00:35]} Rxd3+
{[%clk 0:00:43]} 39. Rxd3 {[%clk 0:00:44]} Rxd3+ 40. Kxd3 Ke7 {[%clk 0:00:54]}
41. b4 {[%clk 0:00:55]} axb4 {[%clk 0:00:35]} 42. axb4 {[%clk 0:01:04]} Kd6
{[%clk 0:00:44]} 43. Ke3 {[%clk 0:00:41]} g6 {[%clk 0:00:52]} 44. g3
{[%clk 0:00:43]} f5 {[%clk 0:00:58]} 45. exf5 {[%clk 0:00:46]} gxf5
{[%clk 0:01:03]} 46. h4 {[%clk 0:00:55]} f4+ {[%clk 0:00:25]} 47. Kf3
{[%clk 0:00:40]} e4+ 1-0

[Event "d12"]
[Site "?"]
[Date "2020.08.28"]
[Round "1.2"]
[White "Czarkowska, Dalia"]
[Black "Wojs, Alicja"]
[Result "0-1"]
[BlackElo "1432"]
[WhiteElo "1120"]
[LiveChessVersion "1.4.8"]

1. e4 {[%clk 0:15:19]} e6 {[%clk 0:15:20]} 2. d4 {[%clk 0:15:27]} d5
{[%clk 0:15:29]} 3. e5 {[%clk 0:15:36]} c5 {[%clk 0:15:38]} 4. c3
{[%clk 0:15:44]} Qb6 {[%clk 0:15:47]} 5. Nf3 {[%clk 0:15:51]} Nc6
{[%clk 0:15:56]} 6. a3 {[%clk 0:15:52]} cxd4 {[%clk 0:16:04]} 7. cxd4
{[%clk 0:15:58]} Nge7 {[%clk 0:16:13]} 8. b4 {[%clk 0:16:00]} Nf5
{[%clk 0:16:21]} 9. Bb2 {[%clk 0:16:03]} Na5 {[%clk 0:16:00]} 10. Qa4+
{[%clk 0:15:43]} Nc6 {[%clk 0:16:09]} 11. Qd1 {[%clk 0:15:35]} Bd7
{[%clk 0:16:07]} 12. g4 {[%clk 0:15:09]} Nfe7 {[%clk 0:15:53]} 13. Bd3
{[%clk 0:14:45]} Rc8 {[%clk 0:15:53]} 14. Nbd2 {[%clk 0:14:29]} Na5
{[%clk 0:15:46]} 15. bxa5 {[%clk 0:14:08]} Qxb2 {[%clk 0:15:44]} 16. O-O
{[%clk 0:13:23]} Ng6 {[%clk 0:15:25]} 17. Nb3 {[%clk 0:12:13]} Ba4
{[%clk 0:15:13]} 18. Nfd2 {[%clk 0:11:40]} Nf4 {[%clk 0:15:05]} 19. Bb1
{[%clk 0:11:00]} Qxa1 {[%clk 0:14:43]} 20. Nxa1 {[%clk 0:11:03]} Bxd1
{[%clk 0:14:51]} 21. Rxd1 {[%clk 0:11:08]} Bxa3 {[%clk 0:14:54]} 22. Nab3
{[%clk 0:11:02]} Ne2+ {[%clk 0:14:41]} 23. Kg2 {[%clk 0:10:58]} Nc3
{[%clk 0:14:49]} 24. Re1 {[%clk 0:10:39]} Nxb1 {[%clk 0:14:47]} 25. Rxb1
{[%clk 0:10:45]} O-O {[%clk 0:14:52]} 26. h4 {[%clk 0:10:31]} Rc2
{[%clk 0:14:58]} 27. g5 {[%clk 0:10:25]} Rfc8 {[%clk 0:15:03]} 28. h5
{[%clk 0:10:01]} Bc1 {[%clk 0:14:13]} 29. Nxc1 {[%clk 0:09:56]} Rxc1
{[%clk 0:14:20]} 30. Rxb7 {[%clk 0:09:54]} R1c7 {[%clk 0:14:27]} 31. Rb3
{[%clk 0:09:52]} Rc2 {[%clk 0:14:15]} 32. Nf3 {[%clk 0:09:49]} Ra2
{[%clk 0:14:16]} 33. Rb5 {[%clk 0:09:44]} a6 {[%clk 0:14:25]} 34. Rb6
{[%clk 0:09:26]} Rxa5 {[%clk 0:14:32]} 35. h6 {[%clk 0:09:22]} Ra2
{[%clk 0:14:04]} 36. Kg3 {[%clk 0:09:18]} a5 {[%clk 0:14:11]} 37. Ra6
{[%clk 0:09:04]} a4 {[%clk 0:14:19]} 38. Kg4 {[%clk 0:08:28]} a3 {[%clk 0:14:09]}
39. Kf4 {[%clk 0:08:00]} Ra1 {[%clk 0:14:15]} 40. Ra4 {[%clk 0:07:36]} Rb8
{[%clk 0:14:07]} 41. Ra7 {[%clk 0:07:03]} a2 {[%clk 0:13:34]} 42. Nd2
{[%clk 0:06:44]} Rc8 {[%clk 0:13:26]} 43. Ra3 {[%clk 0:06:32]} Rb8
{[%clk 0:13:24]} 44. Kf3 {[%clk 0:05:35]} Kf8 {[%clk 0:13:32]} 45. Ke2
{[%clk 0:05:00]} gxh6 {[%clk 0:13:36]} 46. gxh6 {[%clk 0:05:06]} Rb7
{[%clk 0:13:37]} 47. Kd3 {[%clk 0:04:41]} Ke7 {[%clk 0:13:41]} 48. Kc2
{[%clk 0:04:18]} Rc7+ {[%clk 0:13:45]} 49. Kb2 {[%clk 0:04:18]} Rd1
{[%clk 0:13:52]} 50. Nb3 {[%clk 0:03:58]} Rf1 {[%clk 0:13:41]} 51. Kxa2
{[%clk 0:03:22]} Rc2# {[%clk 0:13:38]} 0-1

[Event "d12"]
[Site "?"]
[Date "2020.08.28"]
[Round "1.3"]
[White "Natoli, Alessia"]
[Black "Miklosz, Malgorzata"]
[Result "1-0"]
[BlackElo "1116"]
[WhiteElo "1399"]
[LiveChessVersion "1.4.8"]

1. e4 {[%clk 0:15:17]} c5 {[%clk 0:15:19]} 2. Nf3 {[%clk 0:15:20]} e6
{[%clk 0:15:26]} 3. d4 {[%clk 0:15:22]} cxd4 {[%clk 0:15:33]} 4. Nxd4
{[%clk 0:15:27]} Bc5 {[%clk 0:15:41]} 5. Nb3 {[%clk 0:14:52]} Bb6
{[%clk 0:15:49]} 6. Nc3 {[%clk 0:14:21]} Ne7 {[%clk 0:15:56]} 7. Bf4
{[%clk 0:13:22]} O-O {[%clk 0:15:49]} 8. Bc4 {[%clk 0:12:43]} Bc7
{[%clk 0:15:16]} 9. Bd6 {[%clk 0:12:15]} Bxd6 {[%clk 0:15:18]} 10. Qxd6
{[%clk 0:12:23]} f5 {[%clk 0:15:22]} 11. e5 {[%clk 0:10:21]} a6 {[%clk 0:14:48]}
12. a4 {[%clk 0:10:23]} Nbc6 {[%clk 0:14:50]} 13. f4 {[%clk 0:10:14]} Ng6
{[%clk 0:14:13]} 14. g3 {[%clk 0:10:22]} b6 {[%clk 0:13:51]} 15. Rd1
{[%clk 0:10:10]} Qe7 {[%clk 0:13:15]} 16. Ke2 {[%clk 0:08:48]} Kh8
{[%clk 0:10:29]} 17. Rd2 {[%clk 0:08:39]} Rd8 {[%clk 0:10:04]} 18. Rhd1
{[%clk 0:08:44]} Qxd6 {[%clk 0:09:06]} 19. Rxd6 {[%clk 0:08:51]} Bb7
{[%clk 0:08:12]} 20. Rxd7 {[%clk 0:08:43]} Rxd7 {[%clk 0:08:01]} 21. Rxd7
{[%clk 0:08:50]} Rb8 {[%clk 0:08:08]} 22. Rd6 {[%clk 0:07:48]} h5
{[%clk 0:07:45]} 23. Rxe6 {[%clk 0:07:31]} Kh7 {[%clk 0:07:41]} 24. Rd6
{[%clk 0:07:03]} h4 {[%clk 0:07:32]} 25. Be6 {[%clk 0:07:06]} Nce7
{[%clk 0:07:18]} 26. Rxb6 {[%clk 0:06:51]} Bf3+ {[%clk 0:07:15]} 27. Kxf3
{[%clk 0:06:58]} Rxb6 {[%clk 0:07:22]} 28. Bc4 {[%clk 0:06:17]} hxg3
{[%clk 0:07:16]} 29. hxg3 {[%clk 0:06:25]} Nf8 {[%clk 0:07:06]} 30. Nd5
{[%clk 0:06:05]} Nxd5 {[%clk 0:07:13]} 31. Bxd5 {[%clk 0:06:13]} Kg6
{[%clk 0:07:05]} 32. a5 {[%clk 0:06:14]} Rb8 {[%clk 0:06:25]} 33. Bc4
{[%clk 0:06:21]} Rc8 {[%clk 0:06:07]} 34. Bd3 {[%clk 0:06:25]} Nd7
{[%clk 0:06:04]} 35. g4 {[%clk 0:06:24]} Kf7 {[%clk 0:05:38]} 36. Bxf5
{[%clk 0:06:27]} Ke7 {[%clk 0:05:26]} 37. Ke3 {[%clk 0:06:00]} Rg8
{[%clk 0:04:36]} 38. Bxd7 {[%clk 0:05:52]} Kxd7 {[%clk 0:04:43]} 39. Nc5+
{[%clk 0:06:01]} Kc6 {[%clk 0:04:48]} 40. Nxa6 {[%clk 0:06:07]} Kb5
{[%clk 0:04:52]} 41. Nc7+ {[%clk 0:06:14]} Kxa5 {[%clk 0:04:59]} 42. e6
{[%clk 0:06:06]} Kb6 {[%clk 0:04:55]} 43. Nd5+ {[%clk 0:06:13]} Kc6
{[%clk 0:05:02]} 44. Ke4 {[%clk 0:06:20]} Kd6 {[%clk 0:05:06]} 45. e7
{[%clk 0:05:55]} Re8 {[%clk 0:04:56]} 46. f5 {[%clk 0:06:03]} Kd7
{[%clk 0:03:31]} 47. Ke5 {[%clk 0:05:49]} Kc6 {[%clk 0:03:23]} 48. Ke6
{[%clk 0:05:56]} Rb8 {[%clk 0:02:22]} 49. f6 {[%clk 0:05:58]} gxf6
{[%clk 0:02:20]} 50. Nxf6 {[%clk 0:06:05]} Kc7 {[%clk 0:01:25]} 51. e8=Q
{[%clk 0:06:09]} Rb6+ {[%clk 0:00:57]} 52. Kf5 {[%clk 0:06:14]} Kb7
{[%clk 0:00:35]} 53. Qd7+ {[%clk 0:06:16]} Ka6 {[%clk 0:00:41]} 54. c4
{[%clk 0:06:03]} Rxb2 {[%clk 0:00:27]} 55. Qb5+ {[%clk 0:06:11]} Rxb5+
{[%clk 0:00:35]} 56. cxb5+ {[%clk 0:06:20]} Kxb5 {[%clk 0:00:44]} 57. g5
{[%clk 0:06:29]} Kc5 {[%clk 0:00:46]} 58. g6 {[%clk 0:06:37]} Kd4
{[%clk 0:00:53]} 59. g7 {[%clk 0:06:45]} Kc5 {[%clk 0:00:59]} 60. g8=Q
{[%clk 0:06:53]} Kd4 {[%clk 0:01:07]} 61. Qd5+ {[%clk 0:07:01]} Kc3
{[%clk 0:01:15]} 62. Ke4 {[%clk 0:07:08]} Kb4 {[%clk 0:01:23]} 63. Qc6 Kb3
{[%clk 0:01:29]} 64. Qc5 {[%clk 0:07:24]} Ka4 {[%clk 0:01:36]} 65. Qb6
{[%clk 0:07:33]} Ka3 {[%clk 0:01:44]} 66. Qb5 {[%clk 0:07:42]} Ka2
{[%clk 0:01:53]} 67. Qb4 {[%clk 0:07:50]} Ka1 {[%clk 0:02:01]} 68. Kd3
{[%clk 0:07:59]} Ka2 {[%clk 0:02:09]} 69. Kc2 {[%clk 0:08:08]} Ka1
{[%clk 0:02:17]} 70. Qa4# 1-0

[Event "d12"]
[Site "?"]
[Date "2020.08.28"]
[Round "1.4"]
[White "Predkiewicz, Paulina"]
[Black "Oszutowska, Anna"]
[Result "0-1"]
[BlackElo "1386"]
[WhiteElo "1113"]
[LiveChessVersion "1.4.8"]

1. e4 {[%clk 0:15:18]} c6 {[%clk 0:15:19]} 2. d4 {[%clk 0:15:25]} d5
{[%clk 0:15:27]} 3. Nc3 {[%clk 0:15:33]} dxe4 4. Nxe4 Bf5 {[%clk 0:15:32]} 5. Ng3
{[%clk 0:15:36]} Bg6 {[%clk 0:15:35]} 6. c3 {[%clk 0:15:40]} Nf6 {[%clk 0:15:39]}
7. Nf3 {[%clk 0:15:27]} Nbd7 {[%clk 0:15:38]} 8. Be2 {[%clk 0:14:40]} e6
{[%clk 0:15:31]} 9. O-O {[%clk 0:14:06]} Bd6 {[%clk 0:14:37]} 10. Bd3
{[%clk 0:13:35]} Bxg3 {[%clk 0:14:20]} 11. fxg3 {[%clk 0:13:37]} Bxd3
{[%clk 0:14:19]} 12. Qxd3 {[%clk 0:13:42]} Qc7 {[%clk 0:13:19]} 13. Bf4
{[%clk 0:12:49]} Qb6 {[%clk 0:13:12]} 14. Qc2 {[%clk 0:12:19]} Nd5
{[%clk 0:12:33]} 15. Kh1 {[%clk 0:10:33]} h6 {[%clk 0:11:19]} 16. a4
{[%clk 0:08:39]} Nxf4 {[%clk 0:10:05]} 17. gxf4 {[%clk 0:08:42]} O-O
{[%clk 0:10:11]} 18. b4 {[%clk 0:08:13]} Rfe8 {[%clk 0:10:01]} 19. Ne5
{[%clk 0:07:54]} Rad8 {[%clk 0:09:48]} 20. Qf2 {[%clk 0:05:18]} a6
{[%clk 0:09:12]} 21. Qg3 {[%clk 0:04:24]} Nxe5 {[%clk 0:08:17]} 22. fxe5
{[%clk 0:04:31]} a5 {[%clk 0:08:06]} 23. Rab1 {[%clk 0:04:10]} axb4
{[%clk 0:08:00]} 24. Rxb4 {[%clk 0:04:17]} Qa7 {[%clk 0:08:05]} 25. h3
{[%clk 0:03:49]} Re7 {[%clk 0:08:01]} 26. Rf4 {[%clk 0:02:53]} c5
{[%clk 0:07:39]} 27. dxc5 {[%clk 0:02:56]} Qxc5 {[%clk 0:07:47]} 28. Rbc4
{[%clk 0:02:58]} Qxe5 {[%clk 0:07:46]} 29. Rce4 {[%clk 0:02:45]} Qc7
{[%clk 0:07:10]} 30. Rc4 {[%clk 0:02:32]} Qb8 {[%clk 0:06:50]} 31. Kh2
{[%clk 0:02:33]} g5 {[%clk 0:06:53]} 32. Rf3 {[%clk 0:02:23]} Qxg3+
{[%clk 0:06:59]} 33. Rxg3 {[%clk 0:02:27]} f5 {[%clk 0:07:01]} 34. h4
{[%clk 0:02:22]} g4 {[%clk 0:07:07]} 35. a5 {[%clk 0:01:44]} h5 {[%clk 0:07:15]}
36. Re3 {[%clk 0:01:25]} Kf7 {[%clk 0:07:14]} 37. Re2 {[%clk 0:01:13]} Kf6
{[%clk 0:07:14]} 38. g3 {[%clk 0:01:17]} Red7 {[%clk 0:07:05]} 39. Rb4
{[%clk 0:01:05]} Rd2 {[%clk 0:06:54]} 40. Rb2 {[%clk 0:01:13]} Rxe2+
{[%clk 0:06:53]} 41. Rxe2 {[%clk 0:01:21]} Ra8 {[%clk 0:06:39]} 42. Ra2
{[%clk 0:01:23]} e5 {[%clk 0:06:40]} 43. Kg2 {[%clk 0:01:28]} e4 {[%clk 0:06:47]}
44. Kf2 {[%clk 0:01:36]} Ke5 {[%clk 0:06:55]} 45. Ke3 {[%clk 0:01:36]} Rd8
{[%clk 0:06:57]} 46. c4 {[%clk 0:00:28]} Rd3+ {[%clk 0:06:54]} 47. Kf2
{[%clk 0:00:29]} Rf3+ {[%clk 0:06:50]} 48. Ke1 {[%clk 0:00:32]} Rxg3
{[%clk 0:06:54]} 49. a6 {[%clk 0:00:41]} bxa6 {[%clk 0:07:01]} 50. Rxa6
{[%clk 0:00:46]} Kd4 {[%clk 0:07:00]} 51. Rc6 {[%clk 0:00:45]} e3
{[%clk 0:06:59]} 52. Rc8 {[%clk 0:00:35]} Kd3 {[%clk 0:06:58]} 53. Rd8+
{[%clk 0:00:34]} Kxc4 {[%clk 0:07:06]} 54. Rc8+ {[%clk 0:00:42]} Kd4
{[%clk 0:07:14]} 55. Rd8+ {[%clk 0:00:44]} Ke4 {[%clk 0:07:22]} 56. Ke2
{[%clk 0:00:46]} Rg2+ {[%clk 0:07:29]} 57. Ke1 {[%clk 0:00:42]} Kf3
{[%clk 0:07:30]} 58. Kd1 {[%clk 0:00:35]} e2+ {[%clk 0:07:35]} 59. Kc2
{[%clk 0:00:33]} e1=Q+ {[%clk 0:07:43]} 60. Kb3 {[%clk 0:00:41]} Qb1+
{[%clk 0:07:49]} 61. Kc3 {[%clk 0:00:49]} Rc2+ {[%clk 0:07:57]} 62. Kd3
{[%clk 0:00:55]} Qd1# 0-1

[Event "d12"]
[Site "?"]
[Date "2020.08.28"]
[Round "1.5"]
[White "Sprzeczka, Emilia"]
[Black "Nowak, Emilia"]
[Result "1-0"]
[BlackElo "1104"]
[WhiteElo "1381"]
[LiveChessVersion "1.4.8"]

1. e4 e5 2. Nf3 Nc6 3. d4 exd4 4. Nxd4 Bc5 5. Be3 Qf6 6. c3 Nge7 7. Bc4 Qe5 8.
O-O Qxe4 9. Bxf7+ Kxf7 10. Qh5+ Ng6 11. Qxc5 Nh4 12. Qg5 Kg8 13. Nd2 h6 14. Qg3
Qe7 15. Qxc7 Nxd4 16. Bxd4 Kh7 17. Qg3 Rg8 18. Rae1 Qg5 19. Qd3+ Kh8 20. g3 Nf5
21. Re5 d6 22. Rd5 Be6 23. Rb5 1-0

[Event "d12"]
[Site "?"]
[Date "2020.08.28"]
[Round "1.6"]
[White "Marczyk, Kinga"]
[Black "Pniewska, Beata"]
[Result "0-1"]
[BlackElo "1354"]
[WhiteElo "1101"]
[LiveChessVersion "1.4.8"]

1. e4 {[%clk 0:15:16]} e6 {[%clk 0:15:15]} 2. d4 {[%clk 0:15:20]} d5
{[%clk 0:15:21]} 3. e5 {[%clk 0:15:24]} c5 {[%clk 0:15:24]} 4. c3
{[%clk 0:15:32]} Nc6 {[%clk 0:15:26]} 5. Nf3 {[%clk 0:15:39]} Qb6
{[%clk 0:15:31]} 6. a3 {[%clk 0:15:26]} a5 {[%clk 0:15:01]} 7. Bd3
{[%clk 0:15:05]} Bd7 {[%clk 0:14:40]} 8. Bc2 {[%clk 0:15:11]} Nge7
{[%clk 0:14:20]} 9. O-O {[%clk 0:15:08]} Ng6 {[%clk 0:14:06]} 10. Re1
{[%clk 0:13:57]} Be7 {[%clk 0:13:51]} 11. Qd3 {[%clk 0:12:38]} c4
{[%clk 0:13:45]} 12. Qe2 {[%clk 0:12:36]} O-O {[%clk 0:13:25]} 13. Nbd2
{[%clk 0:12:17]} Qc7 {[%clk 0:11:50]} 14. Nf1 {[%clk 0:12:01]} b5
{[%clk 0:11:36]} 15. Bd2 {[%clk 0:11:21]} b4 {[%clk 0:11:29]} 16. axb4
{[%clk 0:11:23]} axb4 {[%clk 0:11:34]} 17. Ng3 {[%clk 0:11:00]} b3
{[%clk 0:11:24]} 18. Bxg6 {[%clk 0:10:40]} fxg6 {[%clk 0:11:15]} 19. h3
{[%clk 0:10:24]} Ra7 {[%clk 0:10:22]} 20. Rxa7 {[%clk 0:10:15]} Qxa7
{[%clk 0:10:27]} 21. Bg5 {[%clk 0:08:54]} Qa2 {[%clk 0:09:13]} 22. Bxe7
{[%clk 0:08:13]} Nxe7 {[%clk 0:09:20]} 23. Qd2 {[%clk 0:07:41]} Nf5
{[%clk 0:09:04]} 24. Nxf5 {[%clk 0:06:47]} Rxf5 {[%clk 0:08:33]} 25. Nh2
{[%clk 0:04:51]} Rh5 {[%clk 0:07:42]} 26. Ng4 {[%clk 0:04:33]} Qa8
{[%clk 0:05:46]} 27. Kh2 {[%clk 0:04:15]} Qf8 {[%clk 0:05:37]} 28. Kg1
{[%clk 0:03:41]} Rf5 {[%clk 0:05:30]} 29. Qe2 {[%clk 0:03:44]} Be8
{[%clk 0:05:02]} 30. Qe3 {[%clk 0:03:00]} Rf7 {[%clk 0:04:33]} 31. Qg3
{[%clk 0:02:52]} Ra7 {[%clk 0:04:27]} 32. Rb1 {[%clk 0:02:28]} Ra2
{[%clk 0:04:24]} 33. h4 {[%clk 0:02:19]} Qf5 {[%clk 0:04:29]} 34. Rc1
{[%clk 0:01:48]} Rxb2 {[%clk 0:04:25]} 35. Ne3 {[%clk 0:01:48]} Qe4
{[%clk 0:04:13]} 36. Qg5 Ra2 {[%clk 0:03:04]} 37. Qe7 {[%clk 0:00:48]} Ra8
{[%clk 0:02:55]} 38. Qxe6+ {[%clk 0:00:51]} Bf7 {[%clk 0:02:41]} 39. Qb6
{[%clk 0:00:53]} Qxh4 {[%clk 0:02:22]} 40. Qc6 {[%clk 0:00:42]} Rf8
{[%clk 0:02:18]} 41. Nxd5 {[%clk 0:00:27]} Bxd5 {[%clk 0:02:08]} 42. Qxd5+
{[%clk 0:00:34]} Kh8 {[%clk 0:02:15]} 43. g3 {[%clk 0:00:40]} Qg5
{[%clk 0:02:15]} 44. Rb1 {[%clk 0:00:49]} Qf5 {[%clk 0:02:17]} 45. Rb2
{[%clk 0:00:57]} Qc2 {[%clk 0:01:53]} 46. Qd6 {[%clk 0:00:56]} Qc1+
{[%clk 0:01:48]} 47. Kh2 {[%clk 0:01:03]} Rg8 {[%clk 0:01:53]} 48. Qa3
{[%clk 0:01:07]} Qh6+ {[%clk 0:01:49]} 49. Kg2 {[%clk 0:01:16]} Qg5
{[%clk 0:01:45]} 50. Rb1 {[%clk 0:01:17]} Qf5 {[%clk 0:01:51]} 51. Rb2
{[%clk 0:01:24]} Qe4+ {[%clk 0:01:56]} 52. Kh2 {[%clk 0:01:31]} Ra8
{[%clk 0:01:57]} 53. Qb4 {[%clk 0:01:33]} Qd5 {[%clk 0:01:51]} 54. Qb6
{[%clk 0:01:20]} h6 {[%clk 0:01:34]} 55. Qxg6 {[%clk 0:01:25]} Ra1
{[%clk 0:01:41]} 56. Qg4 {[%clk 0:01:15]} Qh1# {[%clk 0:01:48]} 0-1

[Event "d12"]
[Site "?"]
[Date "2020.08.28"]
[Round "1.7"]
[White "Salamon, Julia"]
[Black "Najdecka, Laura"]
[Result "1-0"]
[BlackElo "1101"]
[WhiteElo "1324"]
[LiveChessVersion "1.4.8"]

1. d4 {[%clk 0:15:18]} d5 {[%clk 0:15:19]} 2. c4 {[%clk 0:15:27]} e6
{[%clk 0:15:27]} 3. Nf3 {[%clk 0:15:32]} Nf6 {[%clk 0:15:31]} 4. Nc3
{[%clk 0:15:40]} c5 {[%clk 0:14:47]} 5. e3 {[%clk 0:15:17]} Nc6 {[%clk 0:14:45]}
6. Be2 {[%clk 0:14:36]} Be7 {[%clk 0:14:33]} 7. O-O {[%clk 0:14:43]} O-O
{[%clk 0:14:39]} 8. a3 {[%clk 0:14:11]} b6 {[%clk 0:14:26]} 9. Qc2
{[%clk 0:13:13]} Bb7 {[%clk 0:13:53]} 10. Rd1 {[%clk 0:13:16]} Ba6
{[%clk 0:07:49]} 11. cxd5 {[%clk 0:11:32]} Bxe2 {[%clk 0:06:59]} 12. Qxe2
{[%clk 0:11:03]} exd5 {[%clk 0:06:53]} 13. dxc5 {[%clk 0:08:27]} Bxc5
{[%clk 0:04:54]} 14. b4 {[%clk 0:08:00]} Be7 {[%clk 0:04:27]} 15. Qa2
{[%clk 0:07:29]} Qc7 {[%clk 0:02:06]} 16. Nxd5 {[%clk 0:06:56]} Nxd5
{[%clk 0:02:03]} 17. Rxd5 {[%clk 0:06:48]} Bf6 {[%clk 0:00:51]} 18. Bb2
{[%clk 0:06:32]} Bxb2 {[%clk 0:00:54]} 19. Qxb2 {[%clk 0:06:40]} Rfd8
{[%clk 0:00:30]} 20. Rad1 {[%clk 0:05:51]} Ne7 {[%clk 0:00:18]} 21. Rxd8+
{[%clk 0:04:19]} Rxd8 {[%clk 0:00:26]} 22. Rxd8+ {[%clk 0:04:27]} Qxd8
{[%clk 0:00:34]} 23. Qd2 {[%clk 0:04:11]} Qxd2 {[%clk 0:00:28]} 24. Nxd2
{[%clk 0:04:19]} f6 {[%clk 0:00:28]} 25. Kf1 {[%clk 0:04:01]} Kf7
{[%clk 0:00:36]} 26. Ke2 {[%clk 0:04:10]} Ke6 {[%clk 0:00:45]} 27. Kd3
{[%clk 0:03:30]} Kd5 {[%clk 0:00:29]} 28. Nb3 {[%clk 0:02:54]} b5
{[%clk 0:00:14]} 29. Nd4 {[%clk 0:02:51]} a6 {[%clk 0:00:16]} 30. e4+ Ke5 31.
Nf3+ Kxe4+ {[%clk 0:00:00]} 32. Kxe4 {[%clk 0:02:33]} 1-0

[Event "d12"]
[Site "?"]
[Date "2020.08.28"]
[Round "2.1"]
[White "Pietryk, Joanna"]
[Black "Szczotka, Klara"]
[Result "0-1"]
[BlackElo "1553"]
[WhiteElo "1234"]
[LiveChessVersion "1.4.8"]

1. e4 {[%clk 0:15:19]} c5 {[%clk 0:15:19]} 2. Nf3 {[%clk 0:15:27]} e6
{[%clk 0:15:28]} 3. d4 {[%clk 0:15:35]} cxd4 {[%clk 0:15:38]} 4. Nxd4
{[%clk 0:15:43]} a6 {[%clk 0:15:46]} 5. Nc3 {[%clk 0:15:48]} Qc7 {[%clk 0:15:55]}
6. Be3 {[%clk 0:15:44]} Nf6 {[%clk 0:16:04]} 7. Be2 {[%clk 0:15:46]} Bb4
{[%clk 0:15:42]} 8. Qd3 {[%clk 0:15:04]} Bxc3+ {[%clk 0:14:31]} 9. bxc3
{[%clk 0:15:11]} Nxe4 {[%clk 0:14:20]} 10. Bd2 {[%clk 0:13:45]} Nxd2
{[%clk 0:14:27]} 11. Qxd2 {[%clk 0:13:53]} Nc6 {[%clk 0:14:32]} 12. Nb3
{[%clk 0:13:33]} O-O {[%clk 0:14:24]} 13. O-O {[%clk 0:13:29]} Rd8
{[%clk 0:14:18]} 14. Bh5 {[%clk 0:12:53]} Qe5 {[%clk 0:12:33]} 15. Bf3
{[%clk 0:12:22]} d5 {[%clk 0:12:11]} 16. Nd4 {[%clk 0:11:20]} Bd7
{[%clk 0:10:36]} 17. Rab1 {[%clk 0:09:49]} Qc7 {[%clk 0:10:23]} 18. Rfe1
{[%clk 0:09:10]} Rac8 {[%clk 0:10:30]} 19. g3 {[%clk 0:08:24]} b5
{[%clk 0:09:39]} 20. Rec1 {[%clk 0:06:28]} Ne5 {[%clk 0:09:19]} 21. Bg2
{[%clk 0:06:18]} Qxc3 {[%clk 0:09:20]} 22. Qf4 {[%clk 0:05:29]} Ng6
{[%clk 0:09:25]} 23. Qe3 {[%clk 0:04:40]} Qxe3 {[%clk 0:09:34]} 24. fxe3
{[%clk 0:04:48]} Rc3 {[%clk 0:09:39]} 25. Kf2 {[%clk 0:04:41]} Rdc8
{[%clk 0:09:46]} 26. Bh3 {[%clk 0:03:50]} Ne5 {[%clk 0:09:54]} 27. Bf1
{[%clk 0:03:08]} Ng4+ {[%clk 0:10:01]} 28. Kg1 {[%clk 0:02:47]} Nxe3
{[%clk 0:10:09]} 29. Bd3 {[%clk 0:02:38]} e5 {[%clk 0:10:16]} 30. Ne2
{[%clk 0:02:40]} R3c7 {[%clk 0:10:18]} 31. c3 {[%clk 0:01:25]} Bg4
{[%clk 0:09:22]} 32. Kf2 {[%clk 0:00:24]} Nc4 {[%clk 0:08:49]} 33. Ng1
{[%clk 0:00:13]} Nd6 {[%clk 0:08:56]} 34. h3 {[%clk 0:00:20]} Be6
{[%clk 0:09:04]} 35. Ne2 {[%clk 0:00:26]} Bxh3 {[%clk 0:09:06]} 36. Ke3
{[%clk 0:00:32]} Bg4 {[%clk 0:08:58]} 37. Rb3 {[%clk 0:00:17]} e4
{[%clk 0:08:33]} 38. Bb1 {[%clk 0:00:15]} Nc4+ {[%clk 0:08:40]} 39. Kf2
{[%clk 0:00:22]} Nd2 {[%clk 0:08:44]} 40. Rb2 {[%clk 0:00:16]} Nxb1
{[%clk 0:08:52]} 41. Rbxb1 {[%clk 0:00:24]} Bxe2 {[%clk 0:09:00]} 42. Kxe2
{[%clk 0:00:32]} Rxc3 {[%clk 0:09:09]} 0-1